The only three questions that count : Investing by knowing what others don’t

Uloženo v:
Podrobná bibliografie
Hlavní autor:  Fisher, Kenneth L
Médium: Sách
Jazyk:Undetermined
Vydáno:  John Wiley  2007
Témata:
Tagy: Přidat tag
Žádné tagy, Buďte první, kdo otaguje tento záznam!
Thư viện lưu trữ: Trung tâm Thư viện - Trường Đại học Công nghiệp TP. Hồ Chí Minh
LEADER 00515nam a2200157Ia 4500
001 UIH_04066
008 231011s9999 xx 000 0 und d
082 |a  332.6 
100 |a  Fisher, Kenneth L 
245 0 |a  The only three questions that count : Investing by knowing what others don’t 
245 0 |c  Fisher, Kenneth L 
260 |b  John Wiley 
260 |c  2007 
650 |a  Đầu tư;  
927 |a Sách 
980 |a Trung tâm Thư viện - Trường Đại học Công nghiệp TP. Hồ Chí Minh